Ciberespacio para principiantes /

Guardado en:
Autor Principal: Buick, Joanna
Otros Autores: Jevtic, Zoran
Formato: Libro
Publicado: Buenos Aires : Era Naciente, 1995
Series:Documentos ilustrados; No. 11
Materias:
Etiquetas: Agregar Etiqueta
Sin Etiquetas, Sea el primero en etiquetar este registro!
LEADER 00700nam a22002415a 4500
001 CEM.cems009838
005 20080703124528.0
008 130507s1995##################000#0#####d
003 CEMS
020 |a 9879065174 
082 0 4 |a 001.536 
100 1 |a Buick, Joanna 
245 1 0 |a Ciberespacio para principiantes /  |c Joanna Buick y Zoran Jevtic 
260 |a Buenos Aires :  |b Era Naciente,  |c 1995 
300 |a 175 p. 
490 0 |a Documentos ilustrados; No. 11 
653 |a Ciberespacio 
653 |a Computación 
653 |a Inteligencia artificial 
653 |a Realidad virtual 
653 |a Informática 
700 1 |a Jevtic, Zoran 
859 |a CEMS  |b BIB. CEMS - 11 de abril  |h 001.536  |i B866  |p 20119.98  |t Ej.1